000 00754nam a2200277Ia 4500
003 OSt
005 20221006142500.0
006 a|||||r|||| 00| 0
007 ta
008 221006b |||||||| |||| 00| 0 eng d
020 _c
_4.95
024 _a6,450
037 _cTextual
040 _aEASL
_cEASL
_beng
041 _2eng
_aeng
082 _aY.41.N6, K5
100 _aSTUCKI Lorenz
_9647811
245 0 _aBehind the great wall
_b An appraisal of Mao's China
260 _aNew York
_bFrederick A. Praeger Pub.
_c1965
300 _a154p.
_ccm.
490 _v CEL
650 _aCEL
700 _a STEINBERG Jean Tr.
_9647812
942 _hY.41.N6, K5
_cTEXL
_2CC
999 _c1074536
_d1074536